Freak On a Leash - Korn (All Lyrics - Statistics

General Stats
  • This quiz has been taken 77 times
  • The average score is 217 of 304
Answer Stats
Answer % Correct
me
100%
me,
100%
a
98%
A
98%
I
98%
I)
98%
(So
95%
(so
95%
So
95%
So,
95%
of
94%
some
94%
Something
92%
something
92%
part
90%
Part
90%
take
90%
freak
87%
on
87%
takes
87%
be
86%
leash
86%
(you
86%
(You
86%
You
86%
and
84%
to
84%
see
79%
meant
76%
never
76%
feel
75%
like
75%
no
75%
No,
75%
from
73%
were
73%
Can't
71%
can't
71%
for
71%
life
68%
the
68%
time
68%
do
67%
have
67%
this
67%
Every
65%
every
65%
Feeling
65%
lay
62%
cheap
60%
it's
60%
seen
60%
Sometimes
60%
taken
60%
fall
59%
fuck
59%
grace
59%
in
59%
my
59%
all
57%
believe
57%
lost
57%
raped
57%
is
56%
You'll
56%
cannot
54%
face
54%
release
52%
start
52%
wanna
52%
always
51%
free?
51%
free,
51%
free
51%
light)
51%
pain?
51%
place
51%
Nothing
49%
vain,
49%
vain
49%
with
49%
away
48%
Something's
48%
let
46%
they
46%
messing
44%
gotta
43%
Life's
43%
things
43%
try
43%
Boom-da-da-mmm-dum-na-eema
41%
Da-boom-da-da-mmm-dum-na-ay, go
41%
Da-boom-da-da-mmm-dum-na-ee-ma
41%
How
41%
taste
41%
night,
40%
many
38%
fight,
37%
Fight,
37%
fight
37%
times
37%
felt
35%
chill
30%
diseased?
30%
Oh
19%
ming-a-hoo
17%
ming-a-ooh
17%
hee-a-hoo
11%
off
10%
No matching quizzes found
Score Distribution
Percent of People with Each Score
Percentile by Number Answered
Your Score History
You have not taken this quiz